| 000 | 00710nam a2200265 a 4500 | ||
|---|---|---|---|
| 999 |
_c8514 _d8514 |
||
| 001 | 8514 | ||
| 003 | BD-JhCC | ||
| 005 | 20180226184952.0 | ||
| 008 | 180226s1984 caua 001 0 eng d | ||
| 020 |
_a0534030300 : _c$22.95 |
||
| 020 | _z0534030319 | ||
| 035 | _a(BD-JhCC)8514 | ||
| 040 |
_aBD-JhCC _cDLC _dBD-JhCC |
||
| 041 | _aeng | ||
| 050 | 0 | 0 |
_aQA152.2 _b.S44 1984 |
| 082 | 0 | 0 |
_a512.9 _219 _bSEL 1984 |
| 100 | 1 | _aSellers, Gene R. | |
| 245 | 1 | 0 |
_aBeginning algebra / _cGene Sellers. |
| 260 |
_aMonterey, Calif. : _bBrooks/Cole Pub. Co., _cc1984. |
||
| 300 |
_axi, 370, 42 p. : _bill. (some col.) ; _c25 cm. |
||
| 500 | _aIncludes index. | ||
| 650 | 0 | _aAlgebra. | |
| 942 |
_2ddc _cBK |
||